000 00384nam a2200145 a 4500
001 000029539
005 20200930055625.0
008 110418s2000 dr 000 0 spa d
040 _aDO-SdBNP
_bspa
_cBNPHU
245 0 0 _aMujeres de febrero/.
250 _a2a ed.
260 _aSanto Domingo :
_bSecretaría de Estado de la Mujer,
_c2000.
300 _a25 p. ;
_c21 cm.
049 _aBNPD
999 _c29031
_d29031